| 000 | 00551cam a22001697a 4500 | ||
|---|---|---|---|
| 008 | 180718b2001 xxu||||| |||| 00| 0 eng d | ||
| 020 | _a8175410787 | ||
| 082 | _aF51x5406 B469b | ||
| 100 | _aBhambhri, C.P. | ||
| 245 |
_aBhartiya Janata Party: periphery to centre _cby C.P. Bhambhri |
||
| 260 |
_aDelhi _bShipra _c2001 |
||
| 300 | _a348p. | ||
| 650 | _aIdeology - Bharatiya Janata Pary | ||
| 650 | _aBharatiya Janata Party - Rules and practice | ||
| 650 | _aPolitical parties - Bharatiya Janata Party - India | ||
| 650 | _aPolitical parties - India | ||
| 999 |
_c396257 _d396257 |
||